000 00343nam a2200133Ia 4500
008 220204s9999 xx 000 0 und d
082 _a628.1
_bBEA
245 0 _aWater resources management in industrial areas
260 _aDublin
_bTycology
_c1982
650 _aWater use
700 _aBeard, Leo R
700 _aMaxwell, W H C
942 _cBK
999 _c37385
_d37385